| Tag |
First Indicator |
Second Indicator |
Subfields |
| LEADER |
00000cam a2200000 a 4500 |
| 001 |
in00001402363 |
| 005 |
20151020054142.0 |
| 008 |
970716s1997 nyu 001 0 eng |
| 010 |
|
|
|a 97033631
|
| 020 |
|
|
|a 0442025823 (hc)
|
| 035 |
|
|
|a (OCoLC)37345765
|
| 035 |
|
|
|9 AHN0557AM
|
| 040 |
|
|
|a DLC
|c DLC
|d TXA
|d UtOrBLW
|
| 049 |
|
|
|a TXAM
|
| 050 |
0 |
0 |
|a HD58.8
|b .G653 1997
|
| 082 |
0 |
0 |
|a 658.4/063
|2 21
|
| 100 |
1 |
|
|a Goman, Carol Kinsey.
|
| 245 |
1 |
0 |
|a "This isn't the company I joined" :
|b seven steps to energizing a restructured work force /
|c Carol Kinsey Goman.
|
| 246 |
3 |
0 |
|a This is not the company I joined.
|
| 264 |
|
1 |
|a New York :
|b Van Nostrand Reinhold,
|c [1997]
|
| 264 |
|
4 |
|c ©1997
|
| 300 |
|
|
|a xiv, 242 pages ;
|c 24 cm.
|
| 336 |
|
|
|a text
|b txt
|2 rdacontent
|
| 337 |
|
|
|a unmediated
|b n
|2 rdamedia
|
| 338 |
|
|
|a volume
|b nc
|2 rdacarrier
|
| 500 |
|
|
|a Includes index.
|
| 650 |
|
0 |
|a Organizational change.
|
| 650 |
|
0 |
|a Corporate reorganizations.
|
| 650 |
|
0 |
|a Organizational behavior.
|
| 856 |
7 |
|
|3 Table of contents
|u http://lcweb.loc.gov/catdir/toc/97-33631.html
|2 http
|t 0
|
| 999 |
|
|
|a MARS
|
| 999 |
f |
f |
|s 55af3b32-6a22-3c4b-b751-bf3fae09ab42
|i 1a848c15-23db-3771-a8fe-72096b256fff
|t 0
|
| 952 |
f |
f |
|p ric
|a Texas A&M University
|b Rellis Campus
|c Joint Library Facility
|d Remote Storage
|t 0
|e HD58.8 .G653 1997
|h Library of Congress classification
|i unmediated -- volume
|m A14822108279
|
| 998 |
f |
f |
|a HD58.8 .G653 1997
|t 0
|l Remote Storage
|